[Event "Scarborough CC Winter Swiss"]
[Site "Toronto CAN"]
[Date "2018.03.22"]
[Round "5.2"]
[White "Southam, David"]
[Black "Palacios, Bobby"]
[Result "0-1"]
[WhiteElo "2181"]
[BlackElo "2046"]
[PlyCount "86"]
[EventDate "2018.02.22"]
[EventType "swiss"]
[EventRounds "6"]
[EventCountry "CAN"]

1. d4 Nf6 2. c4 g6 3. Nc3 Bg7 4. e4 d6 5. f3 O-O 6. Bg5 h6 7. Be3 e5 8. d5 c6
9. Qd2 cxd5 10. cxd5 a6 11. O-O-O Kh7 12. g4 b5 13. Kb1 Nbd7 14. h4 Nc5 15. b4
Na4 16. Nxa4 bxa4 17. Bd3 Bd7 18. a3 Qb8 19. Ka2 Bb5 20. Ne2 Nd7 21. Rc1 Nb6
22. Ng3 Qb7 23. h5 Bxd3 24. Qxd3 Rac8 25. g5 Rxc1 26. Rxc1 Rc8 27. Rc3 Rxc3 28.
Qxc3 Nxd5 29. exd5 Qxd5+ 30. Kb1 Qxf3 31. hxg6+ fxg6 32. Qe1 Qd5 33. gxh6 Qb3+
34. Kc1 Qxa3+ 35. Kd1 Qa1+ 36. Kd2 Qxe1+ 37. Kxe1 Bxh6 38. Bxh6 Kxh6 39. Kd2 d5
40. Ne2 d4 41. Kd3 Kg5 42. Ke4 Kf6 43. Nc1 g5 0-1

[Event "Scarborough CC Winter Swiss"]
[Site "Toronto CAN"]
[Date "2018.03.22"]
[Round "5.3"]
[White "Ning, Eric"]
[Black "Manalo, Pepin"]
[Result "0-1"]
[WhiteElo "2094"]
[BlackElo "1876"]
[PlyCount "74"]
[EventDate "2018.02.22"]
[EventType "swiss"]
[EventRounds "6"]
[EventCountry "CAN"]

1. d4 Nf6 2. c4 e6 3. Nf3 Bb4+ 4. Nbd2 O-O 5. a3 Be7 6. e4 d5 7. Bd3 dxe4 8.
Nxe4 Nxe4 9. Bxe4 f5 10. Bc2 Bf6 11. Ne5 c5 12. Be3 Qa5+ 13. b4 cxb4 14. O-O
bxa3 15. Qd3 Qc7 16. Bf4 Qd8 17. Rxa3 Na6 18. Bb3 Nb4 19. Qc3 a5 20. Rd1 Qe7
21. Raa1 b6 22. d5 g5 23. d6 Qg7 24. Qd2 gxf4 25. d7 Bb7 26. f3 Rad8 27. Qd6
Bxe5 28. Qxe6+ Kh8 29. Rac1 Bxf3 30. Rd2 Bd4+ 31. Kh1 Bc6 32. Rcd1 f3 33. h4
fxg2+ 34. Kh2 g1=Q+ 35. Rxg1 Qxg1+ 36. Kh3 Qg4+ 37. Kh2 Bg1# 0-1

[Event "Scarborough CC Winter Swiss"]
[Site "Toronto CAN"]
[Date "2018.03.22"]
[Round "5.4"]
[White "Picana, Andrew"]
[Black "Hay, Jonathan"]
[Result "0-1"]
[WhiteElo "2102"]
[BlackElo "1944"]
[PlyCount "89"]
[EventDate "2018.02.22"]
[EventType "swiss"]
[EventRounds "6"]
[EventCountry "CAN"]

1. d4 c6 2. c4 d5 3. cxd5 cxd5 4. Nc3 Nf6 5. Nf3 Nc6 6. e3 a6 7. Be2 Bg4 8. O-O
e6 9. Bd2 Bd6 10. h3 Bh5 11. Rc1 O-O 12. a3 Rc8 13. Na4 Ne4 14. b4 f5 15. Nc5
Qe7 16. Re1 g5 17. Ne5 Bxe2 18. Nxc6 Bh2+ 19. Kh1 Nxf2+ 20. Kxh2 Qd6+ 21. Ne5
Bxd1 22. Kg1 Ne4 23. Rcxd1 b5 24. Bc1 Rc7 25. Bb2 f4 26. exf4 Rxf4 27. Bc1 Rf5
28. Bb2 Rc8 29. Re2 Rcf8 30. g4 Rf3 31. Kg2 Rf2+ 32. Rxf2 Rxf2+ 33. Kg1 Rxb2
34. Rf1 Qe7 35. Ncd7 Kg7 36. Rc1 Ng3 37. Rc6 Ne2+ 38. Kf1 Nxd4 39. Rxa6 Nf3 40.
Nxf3 Qxd7 41. Nxg5 Kf6 42. h4 h6 43. Nxe6 Qxe6 44. g5+ hxg5 45. hxg5+ 0-1

[Event "Scarborough CC Winter Swiss"]
[Site "Toronto CAN"]
[Date "2018.03.22"]
[Round "5.5"]
[White "Tavana, Joseph"]
[Black "De Costa, Alex"]
[Result "0-1"]
[WhiteElo "1804"]
[BlackElo "1820"]
[PlyCount "68"]
[EventDate "2018.02.22"]
[EventType "swiss"]
[EventRounds "6"]
[EventCountry "CAN"]

1. d4 Nf6 2. e3 g6 3. Nf3 Bg7 4. Bd3 d6 5. O-O O-O 6. b3 Nbd7 7. Bb2 e5 8. Nbd2
c6 9. dxe5 Ng4 10. c4 Ngxe5 11. Nxe5 dxe5 12. Qc2 Nc5 13. Be2 a5 14. a3 Bf5 15.
e4 Bc8 16. f4 Qb6 17. Kh1 exf4 18. Bxg7 Kxg7 19. Qc3+ Kg8 20. Rxf4 Be6 21. Raf1
Rad8 22. Rh4 f5 23. Qe3 Qc7 24. b4 axb4 25. axb4 Nd7 26. exf5 Bxf5 27. Rxf5
Rxf5 28. Qe6+ Kg7 29. Qe7+ Rf7 30. Rxh7+ Kxh7 31. Qxf7+ Kh8 32. Bd3 Qd6 33.
Qxg6 Qxg6 34. Bxg6 Ne5 0-1

[Event "Scarborough CC Winter Swiss"]
[Site "Toronto CAN"]
[Date "2018.03.22"]
[Round "5.6"]
[White "Zhao, Jonathan"]
[Black "Ghazarian, Tigran"]
[Result "0-1"]
[WhiteElo "1811"]
[BlackElo "1812"]
[PlyCount "52"]
[EventDate "2018.02.22"]
[EventType "swiss"]
[EventRounds "6"]
[EventCountry "CAN"]

1. d4 Nf6 2. Nf3 g6 3. Nbd2 d5 4. e3 Bg7 5. Bd3 O-O 6. O-O Nbd7 7. c3 c5 8. e4
dxe4 9. Nxe4 cxd4 10. Nxd4 Nxe4 11. Bxe4 Nf6 12. Bf3 Qc7 13. Bg5 Rd8 14. Qb3 e5
15. Nc2 Be6 16. Qb4 h6 17. Bxf6 Bxf6 18. a3 Rd2 19. Rac1 a5 20. Qxb7 Qxb7 21.
Bxb7 Rb8 22. Be4 Rxb2 23. Rfd1 Bg5 24. f3 f5 25. Bd3 Rxd3 26. Rxd3 Bxc1 0-1

[Event "Scarborough CC Winter Swiss"]
[Site "Toronto CAN"]
[Date "2018.03.29"]
[Round "6.1"]
[White "Issani, Nameer"]
[Black "Manalo, Pepin"]
[Result "0-1"]
[WhiteElo "2115"]
[BlackElo "1876"]
[PlyCount "50"]
[EventDate "2018.02.22"]
[EventType "swiss"]
[EventRounds "6"]
[EventCountry "CAN"]

1. d4 f5 2. c4 Nf6 3. Nc3 e6 4. e3 Be7 5. Bd3 c6 6. Nf3 O-O 7. O-O d5 8. b3 Ne4
9. Bb2 Nd7 10. Ne2 Qe8 11. Nf4 Bd6 12. Bxe4 fxe4 13. Ne5 Bxe5 14. dxe5 Rf5 15.
f3 exf3 16. Rxf3 Nc5 17. Qd4 Ne4 18. cxd5 cxd5 19. Nxd5 Rxf3 20. Nc7 Qg6 21.
Nxa8 b6 22. Ba3 h6 23. Rc1 Bb7 24. Rc2 Ba6 25. g3 Nxg3 0-1

[Event "Scarborough CC Winter Swiss"]
[Site "Toronto CAN"]
[Date "2018.03.29"]
[Round "6.2"]
[White "Lei, Sean"]
[Black "Palacios, Bobby"]
[Result "1-0"]
[WhiteElo "2121"]
[BlackElo "2046"]
[PlyCount "103"]
[EventDate "2018.02.22"]
[EventType "swiss"]
[EventRounds "6"]
[EventCountry "CAN"]

1. e4 e5 2. Nf3 Nf6 3. Nxe5 d6 4. Nf3 Nxe4 5. d4 d5 6. Bd3 Nc6 7. O-O Be7 8.
Nbd2 Nxd2 9. Bxd2 O-O 10. h3 Bf6 11. c3 Ne7 12. Qc2 g6 13. Bg5 Bxg5 14. Nxg5
Nf5 15. Nf3 Nh4 16. Nxh4 Qxh4 17. Rae1 Qg5 18. f4 Qg3 19. Re5 f6 20. Rf3 Qxf3
21. gxf3 fxe5 22. Bxg6 e4 23. Bh5 Bf5 24. Qb3 Rad8 25. Qxb7 e3 26. Qb5 Rd7 27.
Kf1 Bxh3+ 28. Ke2 Rxf4 29. Kxe3 Rf6 30. Qb8+ Kg7 31. Qxa7 Re7+ 32. Kd2 Rfe6 33.
f4 Bf5 34. Qc5 c6 35. c4 Re3 36. b3 Rd3+ 37. Kc1 Re1+ 38. Kb2 Rd2+ 39. Ka3 Bb1
40. cxd5 Rxa2+ 41. Kb4 cxd5 42. Qxd5 Bg6 43. Bg4 Re3 44. Qd7+ Bf7 45. d5 Rb2
46. Be6 Rbxb3+ 47. Kc5 Rec3+ 48. Kd4 Rd3+ 49. Ke4 Kh6 50. Bxf7 Re3+ 51. Kf5
Rbd3 52. Qd6+ 1-0

[Event "Scarborough CC Winter Swiss"]
[Site "Toronto CAN"]
[Date "2018.03.29"]
[Round "6.3"]
[White "Hay, Jonathan"]
[Black "Noor Ali, Aahil"]
[Result "1/2-1/2"]
[WhiteElo "2181"]
[BlackElo "1972"]
[PlyCount "86"]
[EventDate "2018.02.22"]
[EventType "swiss"]
[EventRounds "6"]
[EventCountry "CAN"]

1. d4 Nf6 2. Bf4 e6 3. e3 d5 4. Nd2 Bd6 5. Bg3 Qe7 6. Ngf3 Bxg3 7. hxg3 Nbd7 8.
c4 c6 9. Qc2 h6 10. cxd5 exd5 11. Bd3 c5 12. dxc5 Nxc5 13. Bb5+ Bd7 14. Bxd7+
Nfxd7 15. O-O O-O 16. Rac1 Ne6 17. Qb3 Nb6 18. Rfe1 Rac8 19. Nb1 Nc5 20. Qb4
Qe4 21. Qd2 Rfd8 22. Nc3 Qf5 23. Nd4 Qe5 24. Nf3 Qe6 25. b3 Qf6 26. Qd4 Qxd4
27. Nxd4 Ne4 28. Nce2 Rxc1 29. Rxc1 Rc8 30. Rxc8+ Nxc8 31. Nb5 Kf8 32. f3 Nf6
33. Nf4 Ke7 34. Kf2 Kd7 35. Nd3 a6 36. Nd4 Nd6 37. Ke2 g6 38. Kd2 Kc7 39. Kc3
Nd7 40. Nb4 Nf6 41. Nd3 Nd7 42. Nb4 Nf6 43. Nd3 Nd7 1/2-1/2

[Event "Scarborough CC Winter Swiss"]
[Site "Toronto CAN"]
[Date "2018.03.29"]
[Round "6.5"]
[White "Picana, Andrew"]
[Black "Tavana, Joseph"]
[Result "1-0"]
[WhiteElo "2102"]
[BlackElo "1804"]
[PlyCount "119"]
[EventDate "2018.02.22"]
[EventType "swiss"]
[EventRounds "6"]
[EventCountry "CAN"]

1. c4 f5 2. Nc3 Nf6 3. Nf3 e6 4. g3 d5 5. d4 c6 6. Bg2 Bd6 7. c5 Bc7 8. O-O a5
9. Bd2 O-O 10. a3 Nbd7 11. b4 b5 12. cxb6 Nxb6 13. b5 Bd7 14. a4 cxb5 15. Nxb5
Bxb5 16. axb5 Nc4 17. Bg5 Qd7 18. Bxf6 gxf6 19. Qa4 Rab8 20. Rfb1 Nd6 21. Bf1
Ne4 22. Rb3 f4 23. b6 Qxa4 24. Rxa4 Bxb6 25. gxf4 Kh8 26. Bh3 Rg8+ 27. Kf1 f5
28. e3 Rgc8 29. Ra2 Rc1+ 30. Ne1 a4 31. Rbb2 a3 32. Rc2 Rd1 33. Ke2 Rxe1+ 34.
Kxe1 Ba5+ 35. Kf1 Bb4 36. f3 Nd2+ 37. Ke2 Nc4 38. e4 Rf8 39. exf5 exf5 40. Kd3
Nb2+ 41. Raxb2 axb2 42. Rxb2 Bd6 43. Rb5 Bxf4 44. Rxd5 Bxh2 45. Bxf5 h6 46. Be4
Kg7 47. Rd7+ Rf7 48. Rd8 Bf4 49. Bd5 Rf8 50. Rd7+ Kf6 51. Ke4 Kg5 52. Rg7+ Kh4
53. Rg4+ Kh3 54. Rxf4 Re8+ 55. Kf5 Rf8+ 56. Ke5 Re8+ 57. Be6+ Kg3 58. Rf6 h5
59. f4 Rh8 60. Rg6+ 1-0

[Event "Scarborough CC-ch"]
[Site "Toronto CAN"]
[Date "2018.04.05"]
[Round "1.1"]
[White "Li, William"]
[Black "Ning, Eric"]
[Result "1-0"]
[WhiteElo "2227"]
[BlackElo "2076"]
[PlyCount "49"]
[EventDate "2018.04.05"]
[EventType "swiss"]
[EventRounds "6"]
[EventCountry "CAN"]

1. e4 c5 2. Nf3 Nc6 3. Bb5 g6 4. O-O Bg7 5. Re1 Nh6 6. c3 O-O 7. d4 Qb6 8. Bf1
cxd4 9. cxd4 Nxd4 10. Nxd4 Bxd4 11. Bxh6 Bxf2+ 12. Kh1 Bxe1 13. Qxe1 Qxb2 14.
Nc3 Rd8 15. Nd5 f6 16. Nxe7+ Kf7 17. Nd5 g5 18. Rb1 Qe5 19. Rb3 Re8 20. Qf2 Re6
21. Rf3 Kg6 22. Rf5 Qxe4 23. Rxf6+ Kh5 24. Qg3 Re5 25. Qh3+ 1-0

[Event "Scarborough CC-ch"]
[Site "Toronto CAN"]
[Date "2018.04.05"]
[Round "1.3"]
[White "Lei, Sean"]
[Black "Stefanovic, Miroslav"]
[Result "1/2-1/2"]
[WhiteElo "2153"]
[BlackElo "2047"]
[PlyCount "89"]
[EventDate "2018.04.05"]
[EventType "swiss"]
[EventRounds "6"]
[EventCountry "CAN"]

1. e4 c5 2. Nf3 g6 3. c3 Bg7 4. Be2 Nf6 5. d3 O-O 6. O-O d5 7. Nbd2 Nc6 8. b3
Nh5 9. Bb2 Nf4 10. Re1 Nxe2+ 11. Qxe2 b6 12. Nf1 Ba6 13. Rad1 dxe4 14. Qxe4 Qc7
15. d4 cxd4 16. cxd4 e6 17. Ne3 Bb7 18. Qh4 Qe7 19. Qg3 Rac8 20. Nc4 Nb4 21.
Ba3 Rfd8 22. Nfe5 Rb8 23. Qc3 a5 24. Nxb6 Bxg2 25. Kxg2 Rxb6 26. Bxb4 axb4 27.
Qe3 Rbd6 28. Rd3 Bxe5 29. Qxe5 Qa7 30. Red1 Rd5 31. Qe2 Ra5 32. R1d2 Rad5 33.
Qe3 Qd7 34. f4 Qc6 35. Kg3 Rc8 36. Rd1 Ra8 37. Rc1 Qd6 38. Rc2 Rd8 39. Kf3 Kg7
40. Rc4 Rh5 41. Kg3 g5 42. Qe5+ Qxe5 43. fxe5 g4 44. Rd2 Rxe5 45. dxe5 1/2-1/2

[Event "Scarborough CC-ch"]
[Site "Toronto CAN"]
[Date "2018.04.05"]
[Round "1.4"]
[White "Picana, Andrew"]
[Black "Xu, Jeffrey"]
[Result "0-1"]
[WhiteElo "2039"]
[BlackElo "2151"]
[PlyCount "121"]
[EventDate "2018.04.05"]
[EventType "swiss"]
[EventRounds "6"]
[EventCountry "CAN"]

1. Nf3 Nf6 2. g3 g6 3. Bg2 Bg7 4. c4 O-O 5. Nc3 d6 6. O-O Nbd7 7. d4 Re8 8. Qc2
e5 9. Rd1 h6 10. h3 Qe7 11. b3 exd4 12. Nxd4 Nc5 13. Bb2 c6 14. e3 Bd7 15. a4
a5 16. Ra2 Rad8 17. Kh2 h5 18. Ba3 h4 19. g4 Bxg4 20. hxg4 Nxg4+ 21. Kg1 h3 22.
Bd5 cxd5 23. Nxd5 Qh4 24. Nf3 Qh6 25. Bxc5 dxc5 26. Qd2 b6 27. Qe2 Kh7 28. Rad2
Rd6 29. Kh1 Nf6 30. Nxf6+ Rxf6 31. Rg1 Kg8 32. Rg3 Rf5 33. Rd6 Qh5 34. Qd1 Bf6
35. Kh2 Be5 36. Nxe5 Rxf2+ 37. Kg1 h2+ 38. Kxf2 h1=Q 39. Qxh1 Qxh1 40. Ng4 Kg7
41. Nf6 Qh2+ 42. Rg2 Qh4+ 43. Ke2 Re6 44. Rxe6 fxe6 45. Ng4 Qh1 46. Kf2 Qb1 47.
Kf3 Qxb3 48. Ne5 Qd1+ 49. Kf2 Qc2+ 50. Kg1 Qc1+ 51. Kh2 Kf6 52. Ng4+ Ke7 53.
Kg3 Qxc4 54. Kf3 Qxa4 55. Ne5 Kd6 56. Nxg6 c4 57. Rd2+ Kc7 58. Ne5 c3 59. Rd4
Qb5 60. Nd3 c2 61. Nc1 0-1

[Event "Scarborough CC-ch"]
[Site "Toronto CAN"]
[Date "2018.04.05"]
[Round "1.5"]
[White "Yie, Kevin"]
[Black "Hay, Jonathan"]
[Result "1-0"]
[WhiteElo "2150"]
[BlackElo "2012"]
[PlyCount "97"]
[EventDate "2018.04.05"]
[EventType "swiss"]
[EventRounds "6"]
[EventCountry "CAN"]

1. d4 c6 2. c4 Nf6 3. Nc3 d5 4. cxd5 cxd5 5. Bf4 Qb6 6. Rc1 Bd7 7. Qd2 e6 8. e3
Nc6 9. Bd3 Be7 10. h3 O-O 11. Nge2 Rfc8 12. O-O Na5 13. Rc2 Nc4 14. Qc1 a5 15.
Qb1 Bd6 16. Rfc1 Bxf4 17. Nxf4 Rc7 18. Nd1 Rac8 19. b3 Na3 20. Rxc7 Rxc7 21.
Qb2 Nb5 22. Bb1 Rc6 23. Nd3 Qc7 24. Rxc6 Qxc6 25. Ne5 Qc7 26. Qd2 Na3 27. Bd3
Bb5 28. Nc3 Bxd3 29. Qxd3 g6 30. Nb5 Nxb5 31. Qxb5 Ne4 32. Qe8+ Kg7 33. Nd7 Qd6
34. Qc8 b5 35. Qb7 Qb4 36. Qb8 Kh6 37. Qf4+ Kg7 38. Qb8 Kh6 39. f3 Qd6 40. Qxb5
Nc3 41. Qc5 Qxc5 42. dxc5 Nb5 43. g4 Kg7 44. g5 h6 45. h4 hxg5 46. hxg5 f5 47.
gxf6+ Kf7 48. Kg2 Ke8 49. Ne5 1-0

[Event "Scarborough CC-ch"]
[Site "Toronto CAN"]
[Date "2018.04.05"]
[Round "1.6"]
[White "Noor Ali, Aahil"]
[Black "Issani, Nameer"]
[Result "0-1"]
[WhiteElo "2132"]
[BlackElo "1987"]
[PlyCount "124"]
[EventDate "2018.04.05"]
[EventType "swiss"]
[EventRounds "6"]
[EventCountry "CAN"]

1. d4 Nf6 2. c4 e6 3. Nc3 Bb4 4. e3 O-O 5. Nge2 d5 6. a3 Be7 7. cxd5 exd5 8.
Nf4 c6 9. Bd3 Nbd7 10. O-O Bd6 11. Qf3 Re8 12. h3 Qe7 13. g4 Ne4 14. Qg2 Bxf4
15. exf4 f5 16. f3 Nd6 17. Bd2 Qf6 18. Qf2 Nf8 19. Rfe1 Bd7 20. g5 Qf7 21. Na4
Qh5 22. Bb4 Nf7 23. Bxf8 Rxf8 24. Nc5 Bc8 25. Kg2 h6 26. h4 Nh8 27. Qg3 Ng6 28.
Kf2 Qxh4 29. Qxh4 Nxh4 30. gxh6 gxh6 31. Rh1 Ng6 32. Rxh6 Kg7 33. Rah1 b6 34.
Nb3 Nxf4 35. Rh7+ Kf6 36. R1h6+ Kg5 37. Rxc6 Nxd3+ 38. Ke3 f4+ 39. Kd2 Bf5 40.
Rg7+ Kh5 41. Rg2 Rh8 42. Rh2+ Kg5 43. Rg2+ Kh4 44. Rf6 Raf8 45. Rxf5 Rxf5 46.
Kxd3 Re8 47. Nd2 Re3+ 48. Kc2 Rg5 49. Rh2+ Kg3 50. Rh1 Kg2 51. Rh7 Kf2 52. Rh1
Rg1 53. Rh4 Rg2 54. Rxf4 Ke1 55. Rh4 Rxd2+ 56. Kc1 Rf2 57. f4 Re4 58. b4 Rexf4
59. Rh7 Rxd4 60. Rh1+ Ke2 61. b5 Rf1+ 62. Rxf1 Kxf1 0-1

[Event "Scarborough CC-ch"]
[Site "Toronto CAN"]
[Date "2018.04.12"]
[Round "2.1"]
[White "Xu, Jeffrey"]
[Black "Li, William"]
[Result "1/2-1/2"]
[WhiteElo "2151"]
[BlackElo "2227"]
[PlyCount "78"]
[EventDate "2018.04.05"]
[EventType "swiss"]
[EventRounds "6"]
[EventCountry "CAN"]

1. e4 c5 2. Nf3 d6 3. Bb5+ Nc6 4. O-O Bd7 5. c3 Nf6 6. Re1 a6 7. Bf1 Bg4 8. d3
e6 9. Nbd2 d5 10. Qb3 Rb8 11. exd5 Nxd5 12. Qa4 Bxf3 13. Nxf3 Be7 14. Ne5 Rc8
15. Nxc6 Rxc6 16. Bd2 O-O 17. Rad1 Bf6 18. g3 Rd6 19. a3 b5 20. Qe4 a5 21. h4
Qb6 22. h5 b4 23. Rb1 Rb8 24. Qc4 Qd8 25. Rec1 Rdb6 26. axb4 axb4 27. Ra1 bxc3
28. bxc3 Rb2 29. Ra2 Rxa2 30. Qxa2 Qb6 31. Bg2 Qb2 32. Bxd5 exd5 33. Qxb2 Rxb2
34. Be3 Rb3 35. Bxc5 Rxc3 36. Rxc3 Bxc3 37. Kg2 Be5 38. f4 Bc3 39. g4 g6
1/2-1/2

[Event "Scarborough CC-ch"]
[Site "Toronto CAN"]
[Date "2018.04.12"]
[Round "2.2"]
[White "Southam, David"]
[Black "Yie, Kevin"]
[Result "1-0"]
[WhiteElo "2174"]
[BlackElo "2150"]
[PlyCount "69"]
[EventDate "2018.04.05"]
[EventType "swiss"]
[EventRounds "6"]
[EventCountry "CAN"]

1. d4 d5 2. c4 e6 3. Nc3 Nf6 4. cxd5 exd5 5. Bg5 Be7 6. e3 c6 7. Qc2 Bg4 8.
Nge2 Na6 9. Ng3 Nc7 10. Nf5 Bxf5 11. Qxf5 Qd7 12. Qc2 Nh5 13. Bxe7 Qxe7 14.
O-O-O Nf6 15. Kb1 O-O-O 16. Bd3 g5 17. Rc1 Kb8 18. h3 Rhe8 19. Rhe1 Qd6 20. Qb3
Re7 21. Rc2 Ne6 22. Rec1 Rc7 23. Na4 Nd7 24. Qc3 c5 25. Qa3 b6 26. Bb5 Rdc8 27.
Bxd7 Qxd7 28. dxc5 Nxc5 29. Nxc5 bxc5 30. Rxc5 Qf5+ 31. Ka1 Rxc5 32. Qb4+ Ka8
33. Rxc5 Rxc5 34. Qxc5 Qxf2 35. Qc8# 1-0

[Event "Scarborough CC-ch"]
[Site "Toronto CAN"]
[Date "2018.04.12"]
[Round "2.3"]
[White "Zheng, Kevin"]
[Black "Lei, Sean"]
[Result "1/2-1/2"]
[WhiteElo "2022"]
[BlackElo "2153"]
[PlyCount "68"]
[EventDate "2018.04.05"]
[EventType "swiss"]
[EventRounds "6"]
[EventCountry "CAN"]

1. d4 Nf6 2. c4 c5 3. d5 b5 4. cxb5 a6 5. b6 d6 6. Nc3 Nbd7 7. e4 g6 8. Nf3 Bg7
9. Nd2 O-O 10. Be2 Nxb6 11. a4 Ne8 12. O-O Nc7 13. Re1 Rb8 14. h3 Qe8 15. Nc4
Nxc4 16. Bxc4 Rb4 17. Qd3 Bd7 18. b3 Qb8 19. Rb1 Rb6 20. Bg5 Re8 21. Ne2 e6 22.
Ng3 exd5 23. exd5 Be5 24. Kf1 Qc8 25. h4 f6 26. Bh6 Rb8 27. Qe3 Bf5 28. Rbd1
Bg4 29. Rd3 Bd4 30. Qd2 Rxe1+ 31. Qxe1 Qd7 32. Ne4 Qe7 33. f3 Bf5 34. Bf4 Rd8
1/2-1/2

[Event "Scarborough CC-ch"]
[Site "Toronto CAN"]
[Date "2018.04.12"]
[Round "2.4"]
[White "Ghazarian, Tigran"]
[Black "Palacios, Bobby"]
[Result "0-1"]
[WhiteElo "1849"]
[BlackElo "2053"]
[PlyCount "104"]
[EventDate "2018.04.05"]
[EventType "swiss"]
[EventRounds "6"]
[EventCountry "CAN"]

1. e4 e5 2. Nf3 Nc6 3. d4 exd4 4. Nxd4 Nf6 5. Nc3 Bb4 6. Nxc6 bxc6 7. Bd3 O-O
8. O-O d5 9. exd5 cxd5 10. Bg5 c6 11. Qf3 Be6 12. h3 Rb8 13. Ne2 Be7 14. Rab1
c5 15. Rfd1 Qa5 16. Nc3 Rfd8 17. a3 Rd7 18. Qg3 Rdb7 19. Bf1 d4 20. Ne2 Ne4 21.
Qxb8+ Rxb8 22. Bxe7 h6 23. Nf4 Ba2 24. Ra1 Rxb2 25. Bd3 Qc7 26. Bxe4 Qxe7 27.
Re1 Be6 28. Bd5 Rb6 29. Bxe6 Qg5 30. Bxf7+ Kxf7 31. Nd3 Re6 32. Rxe6 Kxe6 33.
Re1+ Kd6 34. Re5 Qxe5 35. Nxe5 Kxe5 36. f3 Kd5 37. Kf2 Kc4 38. Ke2 Kc3 39. Kd1
Kb2 40. a4 c4 41. Kd2 a5 42. g4 Ka3 43. f4 Kxa4 44. g5 Kb5 45. g6 a4 46. f5 a3
47. Kc1 a2 48. Kb2 d3 49. cxd3 cxd3 50. f6 d2 51. Kxa2 d1=Q 52. f7 Qd6 0-1

[Event "Scarborough CC-ch"]
[Site "Toronto CAN"]
[Date "2018.04.12"]
[Round "2.5"]
[White "Manalo, Pepin"]
[Black "Huang, Youhe"]
[Result "0-1"]
[WhiteElo "2026"]
[BlackElo "1848"]
[PlyCount "62"]
[EventDate "2018.04.05"]
[EventType "swiss"]
[EventRounds "6"]
[EventCountry "CAN"]

1. d4 Nf6 2. Nf3 c5 3. d5 e6 4. c4 exd5 5. cxd5 d6 6. Nc3 g6 7. e4 Bg7 8. Bb5+
Nbd7 9. O-O a6 10. Bd3 b5 11. Bf4 c4 12. Bc2 b4 13. Na4 Nb6 14. Nd4 Nh5 15. Be3
Nxa4 16. Bxa4+ Kf8 17. Nc6 Qh4 18. Qc2 Rg8 19. Nxb4 g5 20. g3 Qh3 21. Qe2 Nf4
22. Bxf4 gxf4 23. Bd1 fxg3 24. fxg3 Bd4+ 25. Kh1 Rxg3 26. Rxf7+ Kxf7 27. Qh5+
Kf8 28. Bf3 Rxf3 29. Qxh3 Bxh3 30. Nc2 Bxb2 31. Rg1 Rf1 0-1

[Event "Scarborough CC-ch"]
[Site "Toronto CAN"]
[Date "2018.04.12"]
[Round "2.6"]
[White "De Costa, Alex"]
[Black "Feng, Richard"]
[Result "0-1"]
[WhiteElo "1835"]
[BlackElo "2075"]
[PlyCount "46"]
[EventDate "2018.04.05"]
[EventType "swiss"]
[EventRounds "6"]
[EventCountry "CAN"]

1. e4 c5 2. Nf3 d6 3. Bb5+ Bd7 4. Bxd7+ Qxd7 5. O-O Nf6 6. Re1 Nc6 7. d4 e5 8.
c3 Be7 9. d5 Na5 10. Nfd2 b5 11. b4 Nb7 12. a4 cxb4 13. cxb4 O-O 14. Nc3 a5 15.
Ba3 axb4 16. Bxb4 bxa4 17. Nxa4 Qb5 18. Qb3 Ra6 19. Nc3 Rxa1 20. Rxa1 Qd3 21.
Qb2 Rb8 22. Ra7 Qd4 23. Nb5 Qxb2 0-1

[Event "Scarborough CC-ch"]
[Site "Toronto CAN"]
[Date "2018.04.12"]
[Round "2.7"]
[White "Hay, Jonathan"]
[Black "Picana, Andrew"]
[Result "0-1"]
[WhiteElo "2012"]
[BlackElo "2039"]
[PlyCount "112"]
[EventDate "2018.04.05"]
[EventType "swiss"]
[EventRounds "6"]
[EventCountry "CAN"]

1. d4 Nf6 2. Bf4 e6 3. e3 c5 4. c3 Be7 5. Nd2 d5 6. Ngf3 O-O 7. Ne5 Nc6 8. Bd3
Re8 9. h4 Bd6 10. Ndf3 c4 11. Bc2 Qc7 12. Kf1 b5 13. g4 Bb7 14. Nxc6 Bxc6 15.
Bxd6 Qxd6 16. Ne5 Bb7 17. g5 Ne4 18. Rg1 Qe7 19. Qh5 g6 20. Qe2 Rf8 21. Ng4 f5
22. Bxe4 fxe4 23. Nf6+ Rxf6 24. gxf6 Qxf6 25. Qg4 Rf8 26. Rg2 e5 27. h5 Bc8 28.
Qg3 exd4 29. hxg6 h5 30. Qc7 Qg7 31. Qxg7+ Kxg7 32. Ke2 Bg4+ 33. Kd2 d3 34. a4
Rb8 35. axb5 Rxb5 36. Rxa7+ Kxg6 37. Ra2 Kf5 38. Kc1 Rb8 39. Ra6 Ke5 40. Ra7
Kd6 41. Rg7 Rf8 42. Rg6+ Kc5 43. Rg7 Ra8 44. R2xg4 hxg4 45. Rxg4 Ra1+ 46. Kd2
Rb1 47. Rg8 Rxb2+ 48. Ke1 Re2+ 49. Kd1 Rxf2 50. Rc8+ Kd6 51. Rd8+ Kc6 52. Rc8+
Kd7 53. Rc5 Kd6 54. Ra5 Re2 55. Ra6+ Ke5 56. Ra8 Rxe3 0-1

[Event "Scarborough CC-ch"]
[Site "Toronto CAN"]
[Date "2018.04.19"]
[Round "3.1"]
[White "Li, William"]
[Black "Southam, David"]
[Result "1/2-1/2"]
[WhiteElo "2227"]
[BlackElo "2174"]
[PlyCount "49"]
[EventDate "2018.04.05"]
[EventType "swiss"]
[EventRounds "6"]
[EventCountry "CAN"]

1. e4 e6 2. d4 d5 3. Nc3 Bb4 4. Nge2 Nf6 5. e5 Ne4 6. a3 Nxc3 7. Nxc3 Bxc3+ 8.
bxc3 O-O 9. Bd3 f5 10. a4 Nc6 11. O-O Na5 12. Ba3 Rf7 13. Qe2 Bd7 14. f4 Bc6
15. Bb4 Nc4 16. Bxc4 dxc4 17. Qxc4 a5 18. Ba3 Qd5 19. Qxd5 Bxd5 20. Rfb1 b6 21.
g3 h6 22. Bc1 Rd7 23. Be3 Kf7 24. Kf2 Rg8 25. h4 1/2-1/2

[Event "Scarborough CC-ch"]
[Site "Toronto CAN"]
[Date "2018.04.19"]
[Round "3.2"]
[White "Palacios, Bobby"]
[Black "Xu, Jeffrey"]
[Result "1/2-1/2"]
[WhiteElo "2053"]
[BlackElo "2151"]
[PlyCount "72"]
[EventDate "2018.04.05"]
[EventType "swiss"]
[EventRounds "6"]
[EventCountry "CAN"]

1. d4 e6 2. c4 Nf6 3. Nc3 Bb4 4. e3 O-O 5. Bd3 d5 6. Nf3 b6 7. O-O Bb7 8. a3
Be7 9. Qe2 Nbd7 10. b3 c5 11. Bb2 Rc8 12. Ne5 dxc4 13. bxc4 cxd4 14. exd4 Ne8
15. Rfe1 Nxe5 16. dxe5 Qc7 17. Qg4 g6 18. h4 Ng7 19. Nb5 Qb8 20. Rad1 Rcd8 21.
Nd6 Rd7 22. Be4 Bxe4 23. Nxe4 Rxd1 24. Rxd1 h5 25. Qf4 Rd8 26. Rxd8+ Qxd8 27.
Nd6 Nf5 28. Nxf5 exf5 29. e6 f6 30. g3 Kg7 31. Bc1 Kg8 32. Qh6 Qe8 33. Qd2 Qd8
34. Qh6 Qe8 35. Qd2 Qd8 36. Qh6 Qe8 1/2-1/2

[Event "Scarborough CC-ch"]
[Site "Toronto CAN"]
[Date "2018.04.19"]
[Round "3.3"]
[White "Issani, Nameer"]
[Black "Wang, Thomas"]
[Result "1-0"]
[WhiteElo "1987"]
[BlackElo "1785"]
[PlyCount "59"]
[EventDate "2018.04.05"]
[EventType "swiss"]
[EventRounds "6"]
[EventCountry "CAN"]

1. d4 d5 2. c4 e6 3. Nc3 Nf6 4. cxd5 exd5 5. Bg5 Be7 6. e3 Bf5 7. Bxf6 Bxf6 8.
Qb3 Bd7 9. Nxd5 Bc6 10. Bc4 b6 11. Nf3 a6 12. Rc1 Qd6 13. Nxf6+ Qxf6 14. Bxf7+
Kd8 15. Bd5 Qd6 16. Bxc6 Nxc6 17. Ng5 Qb4+ 18. Qxb4 Nxb4 19. Rc4 Nd3+ 20. Ke2
b5 21. Rc3 Nxb2 22. Nf7+ Kd7 23. Nxh8 Na4 24. Rc2 Rxh8 25. Rhc1 b4 26. Rxc7+
Ke6 27. R1c6+ Kd5 28. Rxa6 Nc3+ 29. Kd3 Rf8 30. Rc5# 1-0

[Event "Scarborough CC-ch"]
[Site "Toronto CAN"]
[Date "2018.04.19"]
[Round "3.4"]
[White "Huang, Youhe"]
[Black "Lei, Sean"]
[Result "0-1"]
[WhiteElo "1848"]
[BlackElo "2153"]
[PlyCount "72"]
[EventDate "2018.04.05"]
[EventType "swiss"]
[EventRounds "6"]
[EventCountry "CAN"]

1. e4 d6 2. d4 Nf6 3. Nc3 Nbd7 4. f4 e5 5. Nf3 exd4 6. Nxd4 Be7 7. Be2 O-O 8.
Be3 Re8 9. g4 Bf8 10. Bf3 Nc5 11. g5 Nfxe4 12. Nxe4 Nxe4 13. Bxe4 Rxe4 14. Qd3
Qe8 15. Kf2 c5 16. Ne2 Bf5 17. Qd2 d5 18. Ng3 d4 19. Nxe4 Qxe4 20. Bxd4 cxd4
21. Rhe1 Qxc2 22. Red1 d3 23. Rac1 Qxd2+ 24. Rxd2 Bb4 25. Rdd1 d2 26. Rc4 Bg4
27. Rxb4 Bxd1 28. Rd4 Bg4 29. Rxd2 Rc8 30. Ke3 Kf8 31. Ke4 g6 32. Rg2 Bf5+ 33.
Kd5 Be6+ 34. Kd4 Rc4+ 35. Ke5 Ke7 36. a3 Bf5 0-1